Оценка электрохимической коррозии электрических контактов; Электромеханические преобразователи энергии

Detalhes bibliográficos
Parent link:Электромеханические преобразователи энергии.— 2015.— [С. 302-307]
Autor principal: Шуликин С. Н. Сергей Николаевич
Autor Corporativo: Национальный исследовательский Томский политехнический университет (ТПУ) Энергетический институт (ЭНИН) Кафедра электротехнических комплексов и материалов (ЭКМ)
Outros Autores: Бекк П. А.
Resumo:Заглавие с титульного экрана
Idioma:russo
Publicado em: 2015
Colecção:Электротехнические материалы и изделия
Assuntos:
Acesso em linha:http://earchive.tpu.ru/handle/11683/22234
http://www.lib.tpu.ru/fulltext/c/2015/C112/061.pdf
Formato: Recurso Electrónico Capítulo de Livro
KOHA link:https://koha.lib.tpu.ru/cgi-bin/koha/opac-detail.pl?biblionumber=617145

MARC

LEADER 00000naa2a2200000 4500
001 617145
005 20231101132938.0
035 |a (RuTPU)RU\TPU\conf\15449 
035 |a RU\TPU\conf\15448 
090 |a 617145 
100 |a 20160216d2015 k y0rusy50 ca 
101 0 |a rus 
102 |a RU 
105 |a y z 101zy 
135 |a drgn ---uucaa 
181 0 |a i  
182 0 |a b 
200 1 |a Оценка электрохимической коррозии электрических контактов  |f С. Н. Шуликин, П. А. Бекк 
203 |a Текст  |c электронный 
225 1 |a Электротехнические материалы и изделия 
230 |a 1 компьютерный файл (pdf; 477 Kb) 
300 |a Заглавие с титульного экрана 
320 |a [Библиогр.: с. 307 (4 назв.)] 
337 |a Adobe Reader 
463 0 |0 (RuTPU)RU\TPU\conf\15313  |t Электромеханические преобразователи энергии  |o материалы VII Международной научно-технической конференции, 14-16 октября 2015 г., г. Томск  |f Российский фонд фундаментальных исследований (РФФИ) ; Томская область, Администрация ; Национальный исследовательский Томский политехнический университет (ТПУ)  |v [С. 302-307]  |d 2015 
610 1 |a труды учёных ТПУ 
610 1 |a электронный ресурс 
610 1 |a электрохимическая коррозия 
610 1 |a электрические контакты 
610 1 |a медь 
610 1 |a алюминиевые сплавы 
610 1 |a электроустановки 
700 1 |a Шуликин  |b С. Н.  |c российский ученый, специалист в области надежности электрических машин  |c старший преподаватель Томского политехнического университета  |f 1981-  |g Сергей Николаевич  |2 stltpush  |3 (RuTPU)RU\TPU\pers\28621 
701 1 |a Бекк  |b П. А. 
712 0 2 |a Национальный исследовательский Томский политехнический университет (ТПУ)  |b Энергетический институт (ЭНИН)  |b Кафедра электротехнических комплексов и материалов (ЭКМ)  |h 7437  |2 stltpush  |3 (RuTPU)RU\TPU\col\20031 
801 2 |a RU  |b 63413507  |c 20210225  |g RCR 
856 4 |u http://earchive.tpu.ru/handle/11683/22234 
856 4 |u http://www.lib.tpu.ru/fulltext/c/2015/C112/061.pdf 
942 |c BK